| 000 | 00415nam a22001457a 4500 | ||
|---|---|---|---|
| 003 | OSt | ||
| 005 | 20140310182513.0 | ||
| 008 | 130808t xxu||||| |||| 00| 0 eng d | ||
| 050 |
_aPR 3724 _b.Sw977 2005 |
||
| 245 |
_aGulliver's travels : _band "A MODEST PROPOSAL" / _cJonathan Swift. |
||
| 260 |
_aNew York : _bSimon and Schuster Inc., _c2005. |
||
| 300 |
_a390 p .; _c18 cm. |
||
| 942 |
_2lcc _cSSLC |
||
| 999 |
_c13932 _d13932 |
||